| 000 | 00644nam a2200205 4500 | ||
|---|---|---|---|
| 008 | 260611b |||||||| |||| 00| 0 eng d | ||
| 020 | _a9780323810340 | ||
| 050 |
_aRT41 _b.P68 2023 |
||
| 100 | _aPotter Patricia A. | ||
| 245 |
_aFundamentals of Nursing / _cPatricia A. Potter...[et al.]. |
||
| 250 | _a11th ed. | ||
| 260 |
_aUSA. : _bElsevier, _c2023. |
||
| 300 |
_axvi, 1513p. : _bill. ; _c26cm. |
||
| 504 | _aIncludes Bibliography references and index | ||
| 650 | _aNursing care. | ||
| 700 | _aPerry Anne Griffin | ||
| 700 | _aStockert Patricia A. | ||
| 700 | _aHall Amy M. | ||
| 942 |
_2lcc _hRT41 .P68 2023 _cBOOKS |
||
| 999 |
_c32514 _d32514 |
||